Statystyki dla Państwa Świata - 15 Sekundowy Sprint

Kliknij tutaj aby rozwiązać quiz!

Ogólne statystyki

  • Ten quiz został rozwiązany 2 648 razy
  • Średni wynik to 8 z 196

Odpowiedzi na mapie

Odpowiedzi skodowane kolorowo w zielono-czerwonej skali na mapie do tego quizu, zgodnie z poniższymi procentami.
 

Statystyki odpowiedzi

Kraj% Poprawnych
Polska
76%
Stany Zjednoczone
54%
Rosja
53%
Kanada
46%
Niemcy
37%
Chiny
27%
Meksyk
21%
Francja
17%
Dania
15%
Brazylia
14%
Litwa
14%
Ukraina
14%
Indie
12%
Lotwa
12%
Republika
Poludniowej Afryki
11%
Hiszpania
10%
Czechy
9%
Estonia
9%
Iran
9%
Japonia
9%
Demokratyczna
Republika Konga
8%
Irak
8%
Peru
8%
Australia
7%
Oman
7%
Szwecja
7%
Wlochy
7%
Chile
6%
Bialorus
5%
Jemen
5%
Portugalia
5%
Słowacja
5%
Argentyna
4%
Austria
4%
Belgia
4%
Cypr
4%
Czad
4%
Holandia
4%
Kongo
4%
Kuba
4%
Mali
4%
Malta
4%
Niger
4%
Norwegia
4%
Republika
Srodkowoafrykanska
4%
Togo
4%
Egipt
3%
Finlandia
3%
Irlandia
3%
Islandia
3%
Laos
3%
Libia
3%
Monako
3%
Mongolia
3%
Panama
3%
Wegry
3%
Wielka Brytania
3%
Algieria
2%
Andora
2%
Belize
2%
Benin
2%
Cabo Verde
2%
Fidzi
2%
Grecja
2%
Gwatemala
2%
Haiti
2%
Izrael
2%
Katar
2%
Kazachstan
2%
Kolumbia
2%
Liban
2%
Nauru
2%
Nepal
2%
Nigeria
2%
Palau
2%
Rumunia
2%
Slowenia
2%
Tonga
2%
Turcja
2%
Tuvalu
2%
Urugwaj
2%
Watykan
2%
Afganistan
1%
Albania
1%
Angola
1%
Armenia
1%
Bahamy
1%
Bahrajn
1%
Bangladesz
1%
Bhutan
1%
Boliwia
1%
Bosnia i Hercegowina
1%
Brunei
1%
Bulgaria
1%
Burundi
1%
Chorwacja
1%
Dominika
1%
Dominikana
1%
Ekwador
1%
Etiopia
1%
Gabon
1%
Ghana
1%
Gujana
1%
Gwinea
1%
Honduras
1%
Indonezja
1%
Jamajka
1%
Kamerun
1%
Kenia
1%
Kiribati
1%
Komory
1%
Korea Pólnocna
1%
Korea Poludniowa
1%
Kosowo
1%
Kostaryka
1%
Kuwejt
1%
Lesotho
1%
Liberia
1%
Liechtenstein
1%
Madagaskar
1%
Malawi
1%
Malezja
1%
Maroko
1%
Mauretania
1%
Mjanma
1%
Moldawia
1%
Nikaragua
1%
Nowa Zelandia
1%
Pakistan
1%
Paragwaj
1%
Rwanda
1%
Salwador
1%
Samoa
1%
San Marino
1%
Serbia
1%
Sri Lanka
1%
Sudan
1%
Syria
1%
Szwajcaria
1%
Tajwan
1%
Tunezja
1%
Uganda
1%
Vanuatu
1%
Wenezuela
1%
Wietnam
1%
Antigua i Barbuda
0%
Arabia Saudyjska
0%
Azerbejdzan
0%
Barbados
0%
Botswana
0%
Burkina Faso
0%
Côte d'Ivoire
0%
Czarnogóra
0%
Dzibuti
0%
Erytrea
0%
Filipiny
0%
Gambia
0%
Grenada
0%
Gruzja
0%
Gwinea Bissau
0%
Gwinea Równikowa
0%
Jordania
0%
Kambodza
0%
Kirgistan
0%
Luksemburg
0%
Macedonia Północna
0%
Malediwy
0%
Mauritius
0%
Mikronezja
0%
Mozambik
0%
Namibia
0%
Papua-Nowa Gwinea
0%
Saint Kitts i Nevis
0%
Saint Lucia
0%
Saint Vincent i
Grenadyny
0%
Senegal
0%
Seszele
0%
Sierra Leone
0%
Singapur
0%
Somalia
0%
Suazi
0%
Sudan Poludniowy
0%
Surinam
0%
Tadzykistan
0%
Tajlandia
0%
Tanzania
0%
Timor-Leste
0%
Trynidad i Tobago
0%
Turkmenistan
0%
Uzbekistan
0%
Wyspy Marshalla
0%
Wyspy Salomona
0%
Wyspy Swietego
Tomasza i Ksiazeca
0%
Zambia
0%
Zimbabwe
0%
Zjednoczone Emiraty
Arabskie
0%

Rozkład punktacji

Percentyl według liczby udzielonych odpowiedzi

Procent ludzi z każdym wynikiem

Twoja historia wyników

Nie rozwiązałeś tego quizu